[Event "Mittelfranken-chTB1 1819"]
[Site "Mittelfranken"]
[Date "2019.03.31"]
[Round "8.2"]
[White "Wittmann, Karl"]
[Black "Ahmels, Christian"]
[Result "0-1"]
[WhiteElo "2066"]
[BlackElo "2034"]
[PlyCount "80"]
[EventDate "2018.10.14"]
[EventType "team-tourn"]
[EventRounds "9"]
[EventCountry "GER"]
[SourceTitle "EXT 2022"]
[Source "ChessBase"]
[SourceDate "2021.10.06"]
[SourceVersion "1"]
[SourceVersionDate "2021.10.06"]
[SourceQuality "1"]
[WhiteTeam "Fuerth SG"]
[BlackTeam "Muehlhof/Schwabach"]
[WhiteTeamCountry "GER"]
[BlackTeamCountry "GER"]

1. e4 e6 2. d4 d5 3. Nc3 Bb4 4. e5 c5 5. a3 Bxc3+ 6. bxc3 Ne7 7. Qg4 Qc7 8. Qxg7 Rg8 9. Qxh7 cxd4 10. Ne2 Nbc6 11. f4 dxc3 12. Qd3 Nf5 13. Nxc3 Ncd4 14. Nb5 Nxb5 15. Qxb5+ Bd7 16. Qd3 Rc8 17. Bd2 Qb6 18. Qb3 Qd4 19. Rb1 Qe4+ 20. Kd1 Rxg2 21. Bxg2 Qxg2 22. Re1 Qg4+ 23. Re2 Nd4 24. Qe3 Ba4 25. Qxd4 Bxc2+ 26. Ke1 Bxb1 27. Be3 Qf3 28. Rf2 Qh1+ 29. Rf1 Qxh2 30. Rg1 Bg6 31. f5 exf5 32. e6 Rc2 33. exf7+ Bxf7 34. Qa4+ Kd8 35. Rg8+ Bxg8 36. Bg5+ Kc8 37. Qe8+ Kc7 38. Bd8+ Kd6 39. Be7+ Ke5 40. Bg5+ Be6 0-1

[Event "Mittelfranken-chTB1 1819"]
[Site "Mittelfranken"]
[Date "2019.03.03"]
[Round "6.2"]
[White "Ahmels, Christian"]
[Black "Sattler, Stefan"]
[Result "0-1"]
[WhiteElo "2034"]
[BlackElo "2098"]
[PlyCount "72"]
[EventDate "2018.10.14"]
[EventType "team-tourn"]
[EventRounds "9"]
[EventCountry "GER"]
[SourceTitle "EXT 2022"]
[Source "ChessBase"]
[SourceDate "2021.10.06"]
[SourceVersion "1"]
[SourceVersionDate "2021.10.06"]
[SourceQuality "1"]
[WhiteTeam "Muehlhof/Schwabach"]
[BlackTeam "Herzogenaurach II"]
[WhiteTeamCountry "GER"]
[BlackTeamCountry "GER"]

1. e4 e6 2. d4 d5 3. Nc3 Nf6 4. Bg5 Bb4 5. e5 h6 6. Be3 Ne4 7. Nge2 c5 8. f3 Nxc3 9. bxc3 cxd4 10. Qxd4 Be7 11. Qg4 g6 12. f4 Qa5 13. Kd2 Nd7 14. Nd4 Nc5 15. Bd3 Bd7 16. Rhb1 Rc8 17. Ne2 Qc7 18. Bd4 a6 19. Qf3 b5 20. g4 h5 21. h3 Nxd3 22. cxd3 b4 23. cxb4 Qc2+ 24. Ke3 Bb5 25. Rb3 hxg4 26. Qxg4 Kd7 27. Bc5 Bxc5+ 28. bxc5 Qxc5+ 29. Nd4 Rh5 30. Rh1 Qa7 31. h4 Rc2 32. a3 Qc5 33. a4 Bc6 34. Rb8 Ra2 35. f5 Rxf5 36. h5 g5 0-1

[Event "Mittelfranken-chTB1 1819"]
[Site "Mittelfranken"]
[Date "2019.01.27"]
[Round "4.2"]
[White "Ahmels, Christian"]
[Black "Kaiser, Harald"]
[Result "1-0"]
[WhiteElo "2034"]
[BlackElo "1978"]
[PlyCount "31"]
[EventDate "2018.10.14"]
[EventType "team-tourn"]
[EventRounds "9"]
[EventCountry "GER"]
[SourceTitle "EXT 2022"]
[Source "ChessBase"]
[SourceDate "2021.10.06"]
[SourceVersion "1"]
[SourceVersionDate "2021.10.06"]
[SourceQuality "1"]
[WhiteTeam "Muehlhof/Schwabach"]
[BlackTeam "Bechhofen"]
[WhiteTeamCountry "GER"]
[BlackTeamCountry "GER"]

1. e4 d6 2. d4 Nf6 3. Nc3 e5 4. Nf3 Nbd7 5. Bc4 Be7 6. 0-0 0-0 7. a4 c6 8. h3 b6 9. Qe2 a6 10. dxe5 dxe5 11. Rd1 Qc7 12. Nh4 Re8 13. Nf5 Bf8 14. g4 Nc5 15. g5 Nfd7 16. Bxf7+ 1-0

[Event "Mittelfranken-chTB1 1718"]
[Site "Mittelfranken"]
[Date "2017.10.29"]
[Round "2.2"]
[White "Ahmels, Christian"]
[Black "Justen, Detlef"]
[Result "1/2-1/2"]
[WhiteElo "2055"]
[BlackElo "2086"]
[PlyCount "34"]
[EventDate "2017.10.08"]
[EventType "team-tourn"]
[EventRounds "9"]
[EventCountry "GER"]
[SourceTitle "EXT 2022"]
[Source "ChessBase"]
[SourceDate "2021.10.06"]
[SourceVersion "1"]
[SourceVersionDate "2021.10.06"]
[SourceQuality "1"]
[WhiteTeam "Muehlhof/Schwabach"]
[BlackTeam "Gunzenhausen"]
[WhiteTeamCountry "GER"]
[BlackTeamCountry "GER"]

1. e4 c5 2. Nc3 Nc6 3. Nge2 g6 4. d4 cxd4 5. Nxd4 Bg7 6. Nde2 Nf6 7. g3 d6 8. Bg2 Bd7 9. 0-0 0-0 10. h3 Rc8 11. Be3 a6 12. a4 Na5 13. b3 b5 14. axb5 axb5 15. Ra2 Nc6 16. Qd2 Nb4 17. Ra7 Nxc2 1/2-1/2

[Event "Mittelfranken-chTB1 1617"]
[Site "Mittelfranken"]
[Date "2017.02.12"]
[Round "6.2"]
[White "Kaiser, Harald"]
[Black "Ahmels, Christian"]
[Result "1/2-1/2"]
[WhiteElo "1989"]
[BlackElo "2055"]
[PlyCount "37"]
[EventDate "2016.10.23"]
[EventType "team-tourn"]
[EventRounds "9"]
[EventCountry "GER"]
[SourceTitle "EXT 2022"]
[Source "ChessBase"]
[SourceDate "2021.10.06"]
[SourceVersion "1"]
[SourceVersionDate "2021.10.06"]
[SourceQuality "1"]
[WhiteTeam "Bechhofen"]
[BlackTeam "Muehlhof/Schwabach"]
[WhiteTeamCountry "GER"]
[BlackTeamCountry "GER"]

1. e4 e6 2. d4 d5 3. Nd2 b6 4. Ngf3 Bb7 5. g3 Nf6 6. Qe2 Be7 7. Bg2 0-0 8. 0-0 c5 9. Re1 Nc6 10. c3 Qc7 11. e5 Nd7 12. h4 b5 13. a4 b4 14. c4 dxc4 15. Nxc4 Rad8 16. b3 Nxd4 17. Nxd4 cxd4 18. Bb2 Nc5 19. Rab1 1/2-1/2

[Event "Mittelfranken-chTB1 1617"]
[Site "Mittelfranken"]
[Date "2016.11.27"]
[Round "3.2"]
[White "Ahmels, Christian"]
[Black "Reiser, Wolfgang"]
[Result "0-1"]
[WhiteElo "2055"]
[BlackElo "2044"]
[PlyCount "72"]
[EventDate "2016.10.23"]
[EventType "team-tourn"]
[EventRounds "9"]
[EventCountry "GER"]
[SourceTitle "EXT 2022"]
[Source "ChessBase"]
[SourceDate "2021.10.06"]
[SourceVersion "1"]
[SourceVersionDate "2021.10.06"]
[SourceQuality "1"]
[WhiteTeam "Muehlhof/Schwabach"]
[BlackTeam "Nuernberg Noris Tarrasch III"]
[WhiteTeamCountry "GER"]
[BlackTeamCountry "GER"]

1. e4 e5 2. Nf3 Nc6 3. Bb5 f5 4. d4 fxe4 5. Nxe5 Nxe5 6. dxe5 c6 7. Be2 Qa5+ 8. Bd2 Qxe5 9. Bc3 Qg5 10. Bh5+ Kd8 11. 0-0 Nf6 12. Be2 d5 13. f4 exf3 14. Bxf3 Bd6 15. Re1 Kc7 16. Bd2 Qg6 17. c4 Bg4 18. cxd5 Qh5 19. h3 Bxf3 20. Qxf3 Qxf3 21. gxf3 Nxd5 22. Nc3 Nxc3 23. Bxc3 Rhf8 24. Kg2 Rf5 25. Re4 h5 26. Rd1 Raf8 27. Rd3 Rg5+ 28. Kf1 Rd5 29. Rxd5 cxd5 30. Re3 g5 31. Bd4 a6 32. Rc3+ Kd7 33. Kg2 Rf4 34. Be3 d4 35. Bxf4 dxc3 36. Bc1 Bf4 0-1

[Event "Mittelfranken-chTB1 1617"]
[Site "Mittelfranken"]
[Date "2016.11.13"]
[Round "2.2"]
[White "Justen, Detlef"]
[Black "Ahmels, Christian"]
[Result "1-0"]
[WhiteElo "2086"]
[BlackElo "2055"]
[PlyCount "73"]
[EventDate "2016.10.23"]
[EventType "team-tourn"]
[EventRounds "9"]
[EventCountry "GER"]
[SourceTitle "EXT 2022"]
[Source "ChessBase"]
[SourceDate "2021.10.06"]
[SourceVersion "1"]
[SourceVersionDate "2021.10.06"]
[SourceQuality "1"]
[WhiteTeam "Gunzenhausen"]
[BlackTeam "Muehlhof/Schwabach"]
[WhiteTeamCountry "GER"]
[BlackTeamCountry "GER"]

1. d4 Nf6 2. Nf3 b6 3. Bf4 Bb7 4. h3 d6 5. e3 g6 6. Be2 Bg7 7. 0-0 0-0 8. c4 Nbd7 9. Nc3 Rc8 10. Qc2 Qe8 11. e4 e5 12. dxe5 dxe5 13. Be3 Nh5 14. Rfe1 f5 15. Rad1 f4 16. Bc1 Nc5 17. b4 Ne6 18. c5 Kh8 19. Bb2 bxc5 20. bxc5 c6 21. Nb1 Qe7 22. Rd6 Nd8 23. Red1 Rc7 24. Nxe5 Bxe5 25. Bxe5+ Qxe5 26. Rxd8 Rxd8 27. Rxd8+ Kg7 28. Qc3 Qxc3 29. Nxc3 Nf6 30. Bc4 Nd7 31. Na4 Kf6 32. Re8 h5 33. Re6+ Kg5 34. h4+ Kh6 35. Re7 Bc8 36. Kh2 Rb7 37. Ba6 1-0

[Event "Mittelfranken-chTB2b 1415"]
[Site "Mittelfranken"]
[Date "2015.04.19"]
[Round "9.1"]
[White "Beesk, Kevin"]
[Black "Ahmels, Christian"]
[Result "1/2-1/2"]
[WhiteElo "2011"]
[BlackElo "2082"]
[PlyCount "80"]
[EventDate "2014.09.28"]
[EventType "team-tourn"]
[EventRounds "9"]
[EventCountry "GER"]
[SourceTitle "EXT 2020"]
[Source "ChessBase"]
[SourceDate "2019.10.17"]
[SourceVersion "1"]
[SourceVersionDate "2019.10.17"]
[SourceQuality "1"]
[WhiteTeam "Neumarkt"]
[BlackTeam "Muehlhof/Schwabach"]
[WhiteTeamCountry "GER"]
[BlackTeamCountry "GER"]

1. Nc3 c5 2. Nf3 d6 3. d4 cxd4 4. Nxd4 Nf6 5. g3 Nc6 6. Bg2 Bd7 7. Bg5 a6 8. Bxf6 gxf6 9. 0-0 f5 10. e3 e6 11. a4 d5 12. Nce2 Ne5 13. Nf3 Nxf3+ 14. Bxf3 Rc8 15. c3 Bg7 16. Qb3 b6 17. Nf4 Qc7 18. Rfd1 Bc6 19. Rd2 0-0 20. Bg2 b5 21. axb5 axb5 22. Bf1 Qb7 23. Nd3 Ra8 24. Rdd1 Ra7 25. Nb4 Bd7 26. Nc2 Rb8 27. Rxa7 Qxa7 28. Ra1 Qb6 29. Nb4 Bc8 30. Ra3 Bf6 31. Qa2 Kg7 32. Ra5 Bd7 33. Ra6 Qc5 34. Ra7 Be8 35. Qa5 Bd8 36. Qa6 Rb6 37. Qa2 Rb8 38. Ra8 Qb6 39. Ra6 Qc5 40. Ra7 Qb6 1/2-1/2

[Event "Mittelfranken-chTB2b 1415"]
[Site "Mittelfranken"]
[Date "2015.02.08"]
[Round "6.1"]
[White "Haubold, Martin"]
[Black "Ahmels, Christian"]
[Result "0-1"]
[WhiteElo "2017"]
[BlackElo "2082"]
[PlyCount "114"]
[EventDate "2014.09.28"]
[EventType "team-tourn"]
[EventRounds "9"]
[EventCountry "GER"]
[SourceTitle "EXT 2020"]
[Source "ChessBase"]
[SourceDate "2019.10.17"]
[SourceVersion "1"]
[SourceVersionDate "2019.10.17"]
[SourceQuality "1"]
[WhiteTeam "Nuernberg NT IV"]
[BlackTeam "Muehlhof/Schwabach"]
[WhiteTeamCountry "GER"]
[BlackTeamCountry "GER"]

1. Nf3 f5 2. b3 d6 3. d4 Nf6 4. g3 e6 5. Bg2 Be7 6. 0-0 0-0 7. Bb2 Qe8 8. Nbd2 Qh5 9. Re1 g5 10. Nf1 Nbd7 11. N3d2 d5 12. f3 c5 13. e4 Rf7 14. e5 Ne8 15. c4 Nb6 16. Ne3 f4 17. g4 Qg6 18. Nc2 dxc4 19. bxc4 Na4 20. Rb1 Nxb2 21. Rxb2 cxd4 22. Ne4 b6 23. Qxd4 Bb7 24. Kh1 Rd8 25. Qc3 Bf8 26. Nd4 Rfd7 27. Rd2 Bg7 28. Nxg5 Rxd4 29. Rxd4 Qxg5 30. Qd3 Rxd4 31. Qxd4 Bc6 32. c5 b5 33. a3 Bd5 34. a4 a6 35. axb5 axb5 36. Qb2 Nc7 37. Qd4 h6 38. Kg1 Bf8 39. Rc1 Bc4 40. Bf1 Na6 41. Bxc4 bxc4 42. c6 Bc5 43. Qxc5 Nxc5 44. c7 Qxe5 45. c8Q+ Kf7 46. Rf1 c3 47. Rf2 Qe3 48. Qc7+ Kg6 49. h4 c2 50. h5+ Kf6 51. Qd8+ Ke5 52. Qb8+ Kd5 53. Qa8+ Kd6 54. Qb8+ Kc6 55. Qe8+ Kb6 56. Qd8+ Kb5 57. Kg2 c1Q 0-1

[Event "Mittelfranken-chTB2b 1314"]
[Site "Mittelfranken"]
[Date "2014.02.16"]
[Round "6.1"]
[White "Martin, Hans"]
[Black "Ahmels, Christian"]
[Result "0-1"]
[WhiteElo "1778"]
[BlackElo "2082"]
[PlyCount "66"]
[EventDate "2013.10.20"]
[EventType "team-tourn"]
[EventRounds "9"]
[EventCountry "GER"]
[SourceTitle "EXT 2020"]
[Source "ChessBase"]
[SourceDate "2019.10.17"]
[SourceVersion "1"]
[SourceVersionDate "2019.10.17"]
[SourceQuality "1"]
[WhiteTeam "Buechenbach/Roth III"]
[BlackTeam "Muehlhof/Schwabach"]
[WhiteTeamCountry "GER"]
[BlackTeamCountry "GER"]

1. d4 Nf6 2. c4 e6 3. Nc3 Bb4 4. a3 Bxc3+ 5. bxc3 c5 6. Bg5 Qa5 7. Bd2 Ne4 8. Qc2 Nxd2 9. Qxd2 cxd4 10. cxd4 Qxd2+ 11. Kxd2 Nc6 12. e3 b6 13. Rc1 Na5 14. Rc3 Ba6 15. Nf3 Rc8 16. c5 Bxf1 17. Rxf1 bxc5 18. Rb1 d5 19. Ne5 c4 20. Rb5 f6 21. Rxa5 fxe5 22. Rxa7 0-0 23. f3 exd4 24. exd4 Rf4 25. Ke3 Rh4 26. Re7 Rc6 27. h3 Kf8 28. Rd7 g5 29. Rc1 Rb6 30. Rc3 Rb2 31. a4 Ke8 32. Rg7 Rxg2 33. Ra3 e5 0-1

[Event "Mittelfranken-chTB2b 1213"]
[Site "Germany"]
[Date "2013.01.27"]
[Round "1.1"]
[White "Ahmels, Christian"]
[Black "Fink, Martin"]
[Result "1-0"]
[WhiteElo "2065"]
[BlackElo "1869"]
[PlyCount "103"]
[EventDate "2012.10.07"]
[EventType "team-tourn"]
[EventRounds "9"]
[EventCountry "GER"]
[SourceTitle "EXT 2019"]
[Source "ChessBase"]
[SourceDate "2018.10.10"]
[SourceVersion "1"]
[SourceVersionDate "2018.10.10"]
[SourceQuality "1"]
[WhiteTeam "Muehlhof/Schwabach"]
[BlackTeam "Heideck/Hilpoltstein"]
[WhiteTeamCountry "GER"]
[BlackTeamCountry "GER"]

1. e4 c5 2. Nf3 Nc6 3. d4 cxd4 4. Nxd4 d6 5. Nc3 Nf6 6. g3 Bg4 7. f3 Nxd4 8. fxg4 Nc6 9. g5 Nd7 10. Be3 g6 11. Be2 Bg7 12. 0-0 Nde5 13. Nd5 Qd7 14. Rb1 0-0 15. b4 b6 16. Kg2 Rae8 17. h4 f5 18. exf5 Rxf5 19. Nf4 e6 20. c4 Nd8 21. Qb3 Qc6+ 22. Kg1 Qe4 23. Rbd1 Qc6 24. Rd2 Rff8 25. Bd4 Qe4 26. Qe3 Qc6 27. c5 Ndf7 28. cxd6 Qxd6 29. Bc5 bxc5 30. Rxd6 Nxd6 31. bxc5 Nf5 32. Qa3 Re7 33. Rd1 Rc8 34. Bb5 Ng4 35. Bd7 Rxd7 36. Rxd7 Bd4+ 37. Rxd4 Nxd4 38. Qxa7 e5 39. Nd5 Rf8 40. Kg2 h5 41. Ne7+ Kf7 42. Nf5+ Ke6 43. Qe7+ Kd5 44. Qxf8 gxf5 45. g6 Ke4 46. g7 f4 47. gxf4 Ne3+ 48. Kh3 exf4 49. g8Q f3 50. Qg6+ Nef5 51. c6 f2 52. Kg2 1-0

[Event "Mittelfranken-chTB2b 1112"]
[Site "Germany"]
[Date "2012.03.11"]
[Round "8.1"]
[White "Simon, Martin1111"]
[Black "Ahmels, Christian"]
[Result "0-1"]
[WhiteElo "1909"]
[BlackElo "2065"]
[PlyCount "72"]
[EventDate "2011.09.25"]
[EventType "team-tourn"]
[EventRounds "9"]
[EventCountry "GER"]
[SourceTitle "EXT 2018"]
[Source "ChessBase"]
[SourceDate "2017.10.13"]
[SourceVersion "1"]
[SourceVersionDate "2017.10.13"]
[SourceQuality "1"]
[WhiteTeam "Neumarkt"]
[BlackTeam "Muehlhof/Schwabach"]
[WhiteTeamCountry "GER"]
[BlackTeamCountry "GER"]

1. e4 e6 2. d4 d5 3. exd5 exd5 4. Bd3 Bd6 5. c3 h6 6. Nf3 Qf6 7. Be3 Ne7 8. Nbd2 0-0 9. Qc2 Ng6 10. 0-0-0 Nf4 11. Bxf4 Bxf4 12. Kb1 Nd7 13. Rde1 c5 14. Bf5 Bxd2 15. Nxd2 cxd4 16. cxd4 Qxd4 17. Nb3 Qf6 18. Re3 Ne5 19. Bh7+ Kh8 20. Rhe1 Nc6 21. Rf3 Qd6 22. Bf5 Qxh2 23. g4 Qd6 24. Qd2 Bxf5+ 25. gxf5 Rfe8 26. Rh1 Qf6 27. Rh5 Kg8 28. Rg3 Re5 29. Nc5 Rxf5 30. Nd7 Qe6 31. Qxh6 Qe4+ 32. Kc1 Qe1+ 33. Kc2 Qxf2+ 34. Kd1 Qd4+ 35. Kc2 Rf2+ 36. Kb1 Qxb2# 0-1

[Event "Mittelfranken-chTB2b 1011"]
[Site "Germany"]
[Date "2011.03.13"]
[Round "7.2"]
[White "Vogt, Peter"]
[Black "Ahmels, Christian"]
[Result "0-1"]
[WhiteElo "1957"]
[BlackElo "2016"]
[PlyCount "94"]
[EventDate "2010.09.26"]
[EventType "team-tourn"]
[EventRounds "9"]
[EventCountry "GER"]
[SourceTitle "EXT 2012"]
[Source "ChessBase"]
[SourceDate "2011.11.24"]
[SourceVersion "1"]
[SourceVersionDate "2011.11.24"]
[SourceQuality "1"]
[WhiteTeam "Schwanstetten"]
[BlackTeam "Muehlhof/Schwabach"]
[WhiteTeamCountry "GER"]
[BlackTeamCountry "GER"]

1. e4 c5 2. Nf3 e6 3. d4 cxd4 4. Nxd4 Nf6 5. Nc3 d6 6. Bg5 a6 7. Qd2 Be7 8. 0-0-0 b5 9. Bd3 b4 10. Nce2 Qb6 11. f4 Nbd7 12. Bxf6 Bxf6 13. e5 dxe5 14. Be4 Rb8 15. Nc6 0-0 16. Nxb8 Qxb8 17. Kb1 Nc5 18. Bc6 Qb6 19. fxe5 Bxe5 20. Bf3 Na4 21. b3 Nc3+ 22. Nxc3 Bxc3 23. Qc1 Qc5 24. Rd3 e5 25. Rhd1 Bf5 26. Rd5 Qc8 27. a3 bxa3 28. Qxa3 Bd4 29. Qa2 Bc3 30. h3 a5 31. Rd6 e4 32. Be2 Bb4 33. R6d4 h6 34. Bc4 e3 35. Be2 Qc7 36. Rd5 Bg6 37. Bf3 Kh7 38. Qb2 Bc3 39. Qc1 Re8 40. Be2 Qf4 41. Rd8 Qb4 42. Bd3 Bxd3 43. R1xd3 Rxd8 44. Qxe3 Rxd3 45. Qxd3+ g6 46. Qd5 Bg7 47. Qc4 Qe1+ 0-1

[Event "Mittelfranken-chTB2b 1011"]
[Site "Germany"]
[Date "2011.01.23"]
[Round "5.1"]
[White "Ahmels, Christian"]
[Black "Rausch, Wolfgang"]
[Result "1/2-1/2"]
[WhiteElo "2016"]
[BlackElo "2080"]
[PlyCount "28"]
[EventDate "2010.09.26"]
[EventType "team-tourn"]
[EventRounds "9"]
[EventCountry "GER"]
[SourceTitle "EXT 2012"]
[Source "ChessBase"]
[SourceDate "2011.11.24"]
[SourceVersion "1"]
[SourceVersionDate "2011.11.24"]
[SourceQuality "1"]
[WhiteTeam "Muehlhof/Schwabach"]
[BlackTeam "Nuernberg NT IV"]
[WhiteTeamCountry "GER"]
[BlackTeamCountry "GER"]

1. e4 c6 2. d4 d5 3. exd5 cxd5 4. c4 Nf6 5. Nc3 g6 6. cxd5 Bg7 7. Nf3 0-0 8. Qb3 Nbd7 9. Bf4 Nb6 10. Be5 Nfxd5 11. Bxg7 Kxg7 12. Nxd5 Qxd5 13. Qxd5 Nxd5 14. Bc4 Rd8 1/2-1/2

[Event "Mittelfranken-chTB1 0910"]
[Site "Mittelfranken"]
[Date "2010.02.21"]
[Round "7.1"]
[White "Ahmels, Christian"]
[Black "Roeder, Frank"]
[Result "0-1"]
[WhiteElo "2081"]
[BlackElo "2139"]
[PlyCount "110"]
[EventDate "2009.10.11"]
[EventType "team-tourn"]
[EventRounds "9"]
[EventCountry "GER"]
[SourceTitle "EXT 2011"]
[Source "ChessBase"]
[SourceDate "2010.11.26"]
[SourceVersion "1"]
[SourceVersionDate "2010.11.26"]
[SourceQuality "1"]
[WhiteTeam "Muehlhof/Mfr"]
[BlackTeam "Altensittenbach"]
[WhiteTeamCountry "GER"]
[BlackTeamCountry "GER"]

1. e4 c6 2. d4 d5 3. exd5 cxd5 4. Bd3 Nc6 5. c3 Nf6 6. Bf4 Bg4 7. f3 Bh5 8. Nh3 e6 9. Qb3 Qd7 10. 0-0 Bg6 11. Rd1 Bxd3 12. Rxd3 Be7 13. Nd2 0-0 14. Re1 Na5 15. Qc2 Rac8 16. Rde3 b5 17. a3 Nb7 18. Qd3 a5 19. Bg5 h6 20. Bxf6 Bxf6 21. f4 Nd6 22. g4 Nc4 23. Nxc4 bxc4 24. Qe2 g6 25. g5 Bg7 26. gxh6 Bxh6 27. Qg4 Rc6 28. Nf2 Qc7 29. Rf3 Rb8 30. Qh4 Bg7 31. Ng4 Rxb2 32. Nf6+ Kf8 33. Nh7+ Ke8 34. f5 gxf5 35. Rg3 Qe7 36. Qxe7+ Kxe7 37. Rxg7 Rcb6 38. Rg3 Rc2 39. Ng5 Rb3 40. h4 Rcxc3 41. Rxc3 Rxc3 42. Kg2 Kf6 43. Rh1 Rxa3 44. Nf3 Kg7 45. Kg3 a4 46. Kf4 Rb3 47. Rg1+ Kh6 48. Rg8 c3 49. Ke5 Kh7 50. Rc8 Kg7 51. Rc7 a3 52. Ng5 a2 53. Nxe6+ Kg8 54. Rc8+ Kh7 55. Ng5+ Kg7 0-1

[Event "Mittelfranken-chTB1 0910"]
[Site "Mittelfranken"]
[Date "2010.01.10"]
[Round "5.1"]
[White "Linsenmeyer, Mario"]
[Black "Ahmels, Christian"]
[Result "1-0"]
[WhiteElo "2121"]
[BlackElo "2081"]
[PlyCount "79"]
[EventDate "2009.10.11"]
[EventType "team-tourn"]
[EventRounds "9"]
[EventCountry "GER"]
[SourceTitle "EXT 2011"]
[Source "ChessBase"]
[SourceDate "2010.11.26"]
[SourceVersion "1"]
[SourceVersionDate "2010.11.26"]
[SourceQuality "1"]
[WhiteTeam "Grossenseebach"]
[BlackTeam "Muehlhof/Mfr"]
[WhiteTeamCountry "GER"]
[BlackTeamCountry "GER"]

1. e4 c5 2. Nf3 e6 3. d4 cxd4 4. Nxd4 Nf6 5. Bd3 Nc6 6. Nxc6 bxc6 7. 0-0 d5 8. e5 Nd7 9. Re1 Bc5 10. Qg4 Kf8 11. Nd2 h5 12. Qe2 a5 13. Nf3 Be7 14. Nd4 Qb6 15. Nxe6+ fxe6 16. Bg6 Qb4 17. Qf3+ Nf6 18. Bf4 Kg8 19. exf6 Bxf6 20. a3 Qxb2 21. Be5 Qb7 22. Bxf6 gxf6 23. Qxf6 Qg7 24. Rxe6 Qxf6 25. Rxf6 Bd7 26. Rd6 Ra7 27. Re1 Kf8 28. Bd3 Kf7 29. f3 h4 30. Kf2 Rc7 31. Re5 Bc8 32. Bg6+ Kg7 33. Be8 Rh6 34. Rxh6 Kxh6 35. Rh5+ Kg7 36. Rxh4 c5 37. Bb5 c4 38. Rd4 Be6 39. c3 Kf6 40. a4 1-0

[Event "Mittelfranken-chTB2b 0809"]
[Site "Mittelfranken"]
[Date "2009.03.08"]
[Round "7.1"]
[White "Ahmels, Christian"]
[Black "Sandner, Andreas"]
[Result "1/2-1/2"]
[WhiteElo "2088"]
[BlackElo "1719"]
[PlyCount "48"]
[EventDate "2008.10.12"]
[EventType "team"]
[EventRounds "9"]
[EventCountry "GER"]
[SourceTitle "EXT 2011"]
[Source "ChessBase"]
[SourceDate "2010.11.26"]
[SourceVersion "1"]
[SourceVersionDate "2010.11.26"]
[SourceQuality "1"]
[WhiteTeam "Muehlhof/Schwabach"]
[BlackTeam "Bechhofen II"]
[WhiteTeamCountry "GER"]
[BlackTeamCountry "GER"]

1. e4 e6 2. d4 d5 3. Nc3 Bb4 4. e5 c5 5. a3 Bxc3+ 6. bxc3 Ne7 7. Nf3 Nbc6 8. Rb1 Qa5 9. Rb5 Qxc3+ 10. Bd2 Qxa3 11. Rb3 Qa2 12. Qc1 Nb4 13. Kd1 Qxc2+ 14. Qxc2 Nxc2 15. Kxc2 c4 16. Rb1 0-0 17. Bb4 Re8 18. Bxe7 Rxe7 19. Be2 Bd7 20. Ra1 a5 21. Ra3 Bc6 22. Rha1 b6 23. Nd2 Rea7 24. f4 b5 1/2-1/2

[Event "Mittelfrankenliga-B2b 0708"]
[Site "Mittelfranken"]
[Date "2007.11.11"]
[Round "2.1"]
[White "Ahmels, Christian"]
[Black "Muenster, Erich"]
[Result "0-1"]
[WhiteElo "2071"]
[BlackElo "2072"]
[PlyCount "48"]
[EventDate "2007.10.14"]
[EventType "team-tourn"]
[EventRounds "9"]
[EventCountry "GER"]
[SourceTitle "EXT 2011"]
[Source "ChessBase"]
[SourceDate "2010.11.26"]
[SourceVersion "1"]
[SourceVersionDate "2010.11.26"]
[SourceQuality "1"]
[WhiteTeam "Muehlhof"]
[BlackTeam "Heilsbronn"]
[WhiteTeamCountry "GER"]
[BlackTeamCountry "GER"]

1. e4 e5 2. Nf3 Nc6 3. Bb5 Bc5 4. 0-0 Nd4 5. Nxd4 Bxd4 6. c3 Bb6 7. d4 c6 8. Ba4 d6 9. Kh1 Ne7 10. f4 exd4 11. f5 d5 12. f6 gxf6 13. Qh5 dxe4 14. Rxf6 Qd5 15. Qh6 Be6 16. Bb3 Qc5 17. Bxe6 fxe6 18. b4 Qc4 19. Qg7 Kd7 20. Rf7 Rag8 21. Rxe7+ Kc8 22. Qf6 Qe2 23. Qxe6+ Kb8 24. Qxe4 Qf1# 0-1

[Event "Mittelfranken-ch HT 54th"]
[Site "Forchheim"]
[Date "2005.03.25"]
[Round "7"]
[White "Redzepovic, Irfan"]
[Black "Ahmels, Christian"]
[Result "1-0"]
[WhiteElo "2068"]
[BlackElo "2084"]
[PlyCount "75"]
[EventDate "2005.03.22"]
[EventType "swiss"]
[EventRounds "9"]
[EventCountry "GER"]
[SourceTitle "EXT 2011"]
[Source "ChessBase"]
[SourceDate "2010.11.26"]
[SourceVersion "1"]
[SourceVersionDate "2010.11.26"]
[SourceQuality "1"]

1. e4 e5 2. Nf3 Nc6 3. Bb5 a6 4. Ba4 Nf6 5. 0-0 b5 6. Bb3 Be7 7. Re1 0-0 8. a4 Bb7 9. d3 d6 10. c3 Na5 11. Bc2 c5 12. Nbd2 Re8 13. Nf1 Bf8 14. Ng3 g6 15. Bg5 Bg7 16. Qd2 Qb6 17. Bh6 Bh8 18. b4 Nc6 19. Bb3 Ng4 20. Nf5 Nd8 21. axb5 axb5 22. Rxa8 Bxa8 23. Ra1 Bb7 24. h3 Nf6 25. c4 bxc4 26. Bxc4 d5 27. bxc5 Qxc5 28. Ra5 Qb6 29. exd5 Nxd5 30. Bxd5 gxf5 31. Bxb7 Nxb7 32. Rb5 Qc6 33. Rxb7 Bg7 34. Bxg7 Qxb7 35. Qg5 f6 36. Bxf6+ Kf8 37. Bxe5 Qd7 38. Bc3 1-0